Governanȧ e regulaė̳s da internet na Amřica Latina

Bibliographic Details
Format: eBook
Language:Portuguese
Published: Rio de Janeiro: FGV - Direito Rio, 2019
Subjects:
Online Access:Acceso restringido

MARC

LEADER 00000nam a22000007a 4500
005 20190901140956.0
007 cr|||| ||||
008 190901s2019 br |||||s|||| 00||0 por d
020 |a 978-85-9597-033-5 
035 |a 24776 
040 |a vLex 
090 |c 9351  |d 9351 
245 0 0 |a Governanȧ e regulaė̳s da internet na Amřica Latina  |h [Recurso electrn̤ico] / 
256 |a Servicio en ln̕ea 
260 |a Rio de Janeiro:  |b FGV - Direito Rio,  |c 2019 
300 |a 1 recurso electrn̤ico 
500 |a Anl̀ise sobre infraestrutura, privacidade, ciberseguranȧ e evoluė̳s tecnolg̤icas em homenagem aos dez anos da South School on Internet Governance. 
506 1 |a Disponible solo en los productos indicados  |d vLex Global  |d vLex Global (Academic Edition, excluding Law Schools)  |d vLex Global (U.S. Academic Edition, Law Schools)  |d vLex Global (U.S. Academic Edition, excluding Law Schools)  |d vLex Global (Academic Edition, Law Schools) 
650 0 4 |a Derecho de las Nuevas Tecnologa̕s  |z Brasil 
650 0 4 |a Derecho Constitucional  |z Brasil 
740 0 |a vLex Libros (Servicio en ln̕ea) 
856 4 0 |u http://vlex.com/source/governan-a-regula-es-internet-america-latina-24776  |z Acceso restringido 
942 |c BOOK 
999 0 |a New Technology Law 
999 0 |a Constitutional Law